[Event "Baleares-chT"]
[Site "Palma de Mallorca"]
[Date "2022.03.05"]
[Round "7.1"]
[White "Damians Janes, Jordi"]
[Black "Valhondo Morales, Ruben"]
[Result "0-1"]
[WhiteElo "2060"]
[BlackElo "2215"]
[PlyCount "76"]
[EventDate "2022.01.22"]
[EventType "team-tourn"]
[EventRounds "7"]
[EventCountry "ESP"]
[SourceTitle "EXT 2023"]
[Source "ChessBase"]
[SourceDate "2022.10.05"]
[SourceVersion "1"]
[SourceVersionDate "2022.10.05"]
[SourceQuality "1"]
[WhiteTeam "La Balanguera"]
[BlackTeam "Puig den Valls"]
[WhiteTeamCountry "ESP"]
[BlackTeamCountry "ESP"]

1. e4 c5 2. Nc3 Nc6 3. g3 g6 4. Bg2 Bg7 5. d3 e6 6. Be3 d6 7. Qd2 Rb8 8. f4 Nge7 9. Nf3 Nd4 10. 0-0 0-0 11. Rab1 b5 12. Ne2 Nec6 13. c3 Nxf3+ 14. Bxf3 Qc7 15. g4 b4 16. d4 bxc3 17. bxc3 cxd4 18. cxd4 Rxb1 19. Rxb1 Na5 20. Rc1 Nc4 21. Qb4 Ba6 22. Qa4 Qc8 23. d5 exd5 24. exd5 Qe8 25. Qxe8 Rxe8 26. Bxa7 Nd2 27. Bg2 Bxe2 28. Rc6 Bb5 29. Rc1 Ne4 30. Rb1 Nc3 31. Rb4 Ra8 32. Bf2 Ra4 33. Rb3 Rxa2 34. h4 h6 35. f5 Be5 36. Be3 Ne2+ 37. Kh1 Ra1+ 38. Bf1 Ng3+ 0-1

[Event "Baleares-chT"]
[Site "Palma de Mallorca"]
[Date "2022.02.19"]
[Round "5.1"]
[White "Valhondo Morales, Ruben"]
[Black "Suarez Roa, Jose Francisco"]
[Result "1-0"]
[WhiteElo "2215"]
[BlackElo "2045"]
[PlyCount "85"]
[EventDate "2022.01.22"]
[EventType "team-tourn"]
[EventRounds "7"]
[EventCountry "ESP"]
[SourceTitle "EXT 2023"]
[Source "ChessBase"]
[SourceDate "2022.10.05"]
[SourceVersion "1"]
[SourceVersionDate "2022.10.05"]
[SourceQuality "1"]
[WhiteTeam "Puig den Valls"]
[BlackTeam "Cercle de Cultura Es Castell"]
[WhiteTeamCountry "ESP"]
[BlackTeamCountry "ESP"]

1. d4 d5 2. c4 e5 3. dxe5 d4 4. Nf3 Nc6 5. a3 Nge7 6. e3 Nf5 7. e4 Nh4 8. Nbd2 Bg4 9. h3 Bxf3 10. Nxf3 Nxf3+ 11. Qxf3 Nxe5 12. Qg3 Bd6 13. c5 0-0 14. cxd6 Qxd6 15. f4 Nd7 16. Bd3 Nc5 17. 0-0 Rae8 18. e5 Qd5 19. b4 Nd7 20. Qf3 Qe6 21. Qe4 Nf6 22. Qxd4 Rd8 23. Qc4 Qb6+ 24. Kh2 Rd4 25. Qc2 Rfd8 26. Rf3 Nd5 27. Bxh7+ Kh8 28. Be4 Qa6 29. Bxd5 R4xd5 30. Be3 Qe6 31. Rc1 R8d7 32. a4 Rd3 33. Qf2 Qd5 34. a5 a6 35. Bc5 Rd2 36. Qg3 Re2 37. Rf2 Qd2 38. Rcf1 Rd3 39. Rxe2 Qxe2 40. Qf2 Qe4 41. Re1 Qf5 42. Qh4+ Kg8 43. Qg4 1-0

[Event "Gibraltar Masters 17th"]
[Site "Caleta"]
[Date "2019.01.27"]
[Round "6"]
[White "Stefanova, Antoaneta"]
[Black "Valhondo Morales, Ruben"]
[Result "1-0"]
[WhiteElo "2486"]
[BlackElo "2231"]
[PlyCount "99"]
[EventDate "2019.01.22"]
[EventType "swiss"]
[EventRounds "10"]
[EventCountry "GGB"]
[SourceTitle "CBM 188 Extra"]
[Source "ChessBase"]
[SourceDate "2019.02.26"]
[SourceVersion "1"]
[SourceVersionDate "2019.02.26"]
[SourceQuality "1"]

1. Nf3 Nf6 2. g3 g6 3. d4 Bg7 4. Bg2 0-0 5. 0-0 d5 6. Be3 Bf5 7. Qc1 Qc8 8. Rd1 Re8 9. c4 c6 10. Ne5 Bh3 11. Bh1 Nbd7 12. f4 dxc4 13. Qxc4 Be6 14. Qc2 Bd5 15. Nc3 Bxh1 16. Kxh1 Nb6 17. Bg1 Qe6 18. e4 Red8 19. Rf1 Qh3 20. a4 Nc8 21. a5 a6 22. Na4 Nd6 23. Nc5 Nfe8 24. g4 Bh8 25. Rf3 Qh6 26. g5 Qg7 27. Rh3 Nc7 28. Qb3 Qf8 29. Rh4 Bg7 30. Rf1 Qe8 31. Rf3 e6 32. Rfh3 h5 33. gxh6 Bxe5 34. h7+ Kh8 35. fxe5 Ndb5 36. Qf3 Qe7 37. Rf4 Nxd4 38. Bxd4 Rxd4 39. Rxf7 Rd1+ 40. Qxd1 Qxf7 41. Qf3 Rf8 42. Qxf7 Rxf7 43. Nxb7 Rf2 44. Nd8 c5 45. b3 Rf8 46. Nb7 Nb5 47. Nxc5 Nd4 48. Rd3 Nc6 49. Nxe6 Rf2 50. Ng5 1-0

[Event "Gibraltar Masters 17th"]
[Site "Caleta"]
[Date "2019.01.26"]
[Round "5"]
[White "Valhondo Morales, Ruben"]
[Black "Wemmers, Xander"]
[Result "1-0"]
[WhiteElo "2231"]
[BlackElo "2418"]
[PlyCount "105"]
[EventDate "2019.01.22"]
[EventType "swiss"]
[EventRounds "10"]
[EventCountry "GGB"]
[SourceTitle "CBM 188 Extra"]
[Source "ChessBase"]
[SourceDate "2019.02.26"]
[SourceVersion "1"]
[SourceVersionDate "2019.02.26"]
[SourceQuality "1"]

1. e4 e5 2. Nf3 Nc6 3. Bc4 Nf6 4. d3 Be7 5. 0-0 0-0 6. a4 d6 7. a5 h6 8. c3 Kh8 9. Re1 Nh7 10. Qb3 f5 11. a6 Rb8 12. Bd5 Qe8 13. axb7 Bxb7 14. Nbd2 Nf6 15. Qc4 fxe4 16. dxe4 a6 17. Be6 Nh5 18. g3 Nd8 19. Bf5 c5 20. Qd3 g6 21. Bh3 Qf7 22. Bg2 g5 23. Re2 Bc6 24. Qc2 Ne6 25. Nf1 Qg6 26. Ne1 Nf6 27. f3 Bb5 28. Nd3 g4 29. f4 exf4 30. gxf4 Qh7 31. Ng3 Nd5 32. Rf2 Bxd3 33. Qxd3 Ndxf4 34. Qxa6 Nxg2 35. Rxg2 Nf4 36. Bxf4 Rxf4 37. Re1 Qg6 38. Nf5 Qe6 39. Nxe7 Qxe7 40. e5 Qh4 41. Rd1 Re4 42. Rf1 Rxe5 43. Qxd6 Rbe8 44. Rgf2 Re1 45. Qxc5 g3 46. Rf8+ Rxf8 47. Qxf8+ Kh7 48. Qf5+ Kh8 49. Qc8+ Kh7 50. Qc7+ Re7 51. hxg3 Qe4 52. Qf4 Qe2 53. Qf2 1-0

[Event "Andalucia-chT Honor final"]
[Site "Marbella"]
[Date "2018.12.01"]
[Round "3.11"]
[White "Camacho Collados, Jose"]
[Black "Valhondo Morales, Ruben"]
[Result "1-0"]
[WhiteElo "2401"]
[BlackElo "2211"]
[PlyCount "87"]
[EventDate "2018.12.01"]
[EventType "team-k.o."]
[EventRounds "3"]
[EventCountry "ESP"]
[SourceTitle "CBM 189 Extra"]
[Source "ChessBase"]
[SourceDate "2019.06.03"]
[SourceVersion "1"]
[SourceVersionDate "2019.06.03"]
[SourceQuality "1"]
[WhiteTeam "Nazari"]
[BlackTeam "Reina Cristina Algeciras"]
[WhiteTeamCountry "ESP"]
[BlackTeamCountry "ESP"]

1. Nf3 c5 2. b3 Nc6 3. Bb2 d5 4. g3 Nf6 5. Bg2 d4 6. e3 e5 7. exd4 exd4 8. 0-0 Be7 9. c3 dxc3 10. dxc3 0-0 11. Qc2 Bg4 12. h3 Bh5 13. Nh4 Re8 14. Na3 Bd6 15. Rfe1 Rc8 16. Nc4 Bb8 17. a4 Bg6 18. Nxg6 hxg6 19. a5 Qc7 20. Rxe8+ Rxe8 21. Rd1 Ne5 22. Nd6 Rd8 23. Nxb7 Rxd1+ 24. Qxd1 c4 25. Bc1 Nd3 26. Be3 Nd7 27. bxc4 Nb2 28. Qd4 Nxc4 29. Bf4 Nce5 30. a6 Kh7 31. Bd5 Qc8 32. c4 Qf8 33. c5 Qe7 34. Kg2 Bc7 35. Be3 Nb8 36. Qa4 Nbd7 37. Qh4+ Qxh4 38. gxh4 Nf6 39. Bb3 Nfd7 40. Nd6 f6 41. Nb5 Bb8 42. Bd5 Nd3 43. c6 N7c5 44. c7 1-0

[Event "Andalucia-chT Honor final"]
[Site "Marbella"]
[Date "2018.12.01"]
[Round "1.6"]
[White "Perez Garcia, Alejandro"]
[Black "Valhondo Morales, Ruben"]
[Result "1-0"]
[WhiteElo "2352"]
[BlackElo "2211"]
[PlyCount "85"]
[EventDate "2018.12.01"]
[EventType "team-k.o."]
[EventRounds "3"]
[EventCountry "ESP"]
[SourceTitle "CBM 189 Extra"]
[Source "ChessBase"]
[SourceDate "2019.06.03"]
[SourceVersion "1"]
[SourceVersionDate "2019.06.03"]
[SourceQuality "1"]
[WhiteTeam "La Trocha Coin"]
[BlackTeam "Reina Cristina Algeciras"]
[WhiteTeamCountry "ESP"]
[BlackTeamCountry "ESP"]

1. Nf3 Nf6 2. c4 g6 3. g3 Bg7 4. Bg2 0-0 5. 0-0 d6 6. d4 Nbd7 7. Nc3 e5 8. b3 Re8 9. Qc2 a6 10. dxe5 Nxe5 11. Nxe5 Rxe5 12. Bf4 Re8 13. Rac1 Rb8 14. Rfd1 b6 15. b4 Nd7 16. Nd5 Bb7 17. Qd2 Bxd5 18. cxd5 Ne5 19. Qc2 Rb7 20. Bh3 Ra7 21. a4 a5 22. bxa5 bxa5 23. Be3 Rb7 24. Bd2 f5 25. Rb1 Ra7 26. Be3 Ra6 27. Rb7 c5 28. dxc6 Rxc6 29. Qb3+ Kh8 30. Qb5 Qc8 31. Bg2 Rc2 32. Rb1 h5 33. Bd5 Nc6 34. Bf7 Rxe3 35. fxe3 Kh7 36. Qd5 Nb4 37. Bxg6+ Kh6 38. Qf7 Qc3 39. Bxf5 Qxe3+ 40. Kh1 Rc1+ 41. Rxc1 Qxc1+ 42. Kg2 Qg5 43. h4 1-0

[Event "Andalucia-chA"]
[Site "Algeciras"]
[Date "2018.05.13"]
[Round "3"]
[White "Valhondo Morales, Ruben"]
[Black "Sanjuan Garcia, Miguel"]
[Result "1/2-1/2"]
[WhiteElo "2204"]
[BlackElo "2112"]
[PlyCount "66"]
[EventDate "2018.05.12"]
[EventType "swiss"]
[EventRounds "8"]
[EventCountry "ESP"]
[SourceTitle "EXT 2020"]
[Source "ChessBase"]
[SourceDate "2019.10.17"]
[SourceVersion "1"]
[SourceVersionDate "2019.10.17"]
[SourceQuality "1"]

1. d4 Nf6 2. Nf3 g6 3. Nc3 d5 4. Bf4 c6 5. e3 Bg7 6. h3 Nbd7 7. Be2 b6 8. b4 Bb7 9. 0-0 0-0 10. Rb1 Qc8 11. Qd3 a5 12. b5 c5 13. Ne5 Nxe5 14. Bxe5 Ne4 15. Bxg7 c4 16. Qxe4 dxe4 17. Bxf8 Kxf8 18. d5 Qf5 19. Rfd1 Rd8 20. Rd4 Bxd5 21. Rbd1 e6 22. Bxc4 Rc8 23. Nxd5 exd5 24. Rxd5 Qf6 25. R1d4 Rxc4 26. Rxc4 Qa1+ 27. Kh2 Qxa2 28. Rc8+ Kg7 29. Rd6 Qb2 30. Rxb6 Qe5+ 31. Kg1 Qa1+ 32. Kh2 Qe5+ 33. Kg1 Qa1+ 1/2-1/2

[Event "ESP-chT CECLUB Div2 Gp2"]
[Site "Burguillos"]
[Date "2012.08.11"]
[Round "5.3"]
[White "Ivanov, Jordan"]
[Black "Valhondo Morales, Ruben"]
[Result "0-1"]
[WhiteElo "2359"]
[BlackElo "2094"]
[PlyCount "58"]
[EventDate "2012.08.08"]
[EventType "team-swiss"]
[EventRounds "6"]
[EventCountry "ESP"]
[SourceTitle "CBM 149 Extra"]
[Source "ChessBase"]
[SourceDate "2012.08.24"]
[SourceVersion "1"]
[SourceVersionDate "2012.08.24"]
[SourceQuality "1"]
[WhiteTeam "Silla"]
[BlackTeam "Algeciras"]
[WhiteTeamCountry "ESP"]
[BlackTeamCountry "ESP"]

1. d4 Nf6 2. c4 g6 3. Nc3 Bg7 4. e4 d6 5. h3 0-0 6. Nf3 e5 7. d5 Nh5 8. a3 Qe8 9. Be3 Na6 10. b4 f5 11. c5 Kh8 12. cxd6 cxd6 13. Nb5 Qe7 14. Nd2 Bd7 15. Nxa7 Nf4 16. g3 fxe4 17. Nc4 Nd3+ 18. Bxd3 exd3 19. Nb6 e4 20. Nxa8 Bc3+ 21. Kf1 Rxa8 22. Kg2 Qe5 23. Rc1 Bd4 24. Nc6 bxc6 25. dxc6 Be6 26. Qd2 Nc7 27. Bxd4 Qxd4 28. Qg5 Bd5 29. Kh2 Qxf2# 0-1

[Event "ESP-chT CECLUB Div2 Gp2"]
[Site "Burguillos"]
[Date "2012.08.09"]
[Round "3.4"]
[White "Cao Armillas, Jesus"]
[Black "Valhondo Morales, Ruben"]
[Result "1-0"]
[WhiteElo "2163"]
[BlackElo "2094"]
[PlyCount "58"]
[EventDate "2012.08.08"]
[EventType "team-swiss"]
[EventRounds "6"]
[EventCountry "ESP"]
[SourceTitle "CBM 149 Extra"]
[Source "ChessBase"]
[SourceDate "2012.08.24"]
[SourceVersion "1"]
[SourceVersionDate "2012.08.24"]
[SourceQuality "1"]
[WhiteTeam "Collado Villalba"]
[BlackTeam "Algeciras"]
[WhiteTeamCountry "ESP"]
[BlackTeamCountry "ESP"]

1. d4 e6 2. c4 f5 3. Nf3 Nf6 4. Qc2 Be7 5. g3 0-0 6. Bg2 d6 7. 0-0 Qe8 8. Nc3 Nbd7 9. e4 Qh5 10. exf5 exf5 11. Re1 Bd8 12. Bf4 h6 13. Rad1 Kh8 14. Bc1 Ng8 15. d5 g5 16. b3 a5 17. Bb2 Bf6 18. Nb5 g4 19. Nfd4 Ne5 20. Nxc7 Rb8 21. Nce6 Bxe6 22. dxe6 Ne7 23. Qe2 N7g6 24. f4 gxf3 25. Nxf3 f4 26. Nxe5 Qxe2 27. Nxg6+ Kg8 28. Bf1 Bh4 29. gxh4 Ra8 1-0

[Event "Andalucia-ch"]
[Site "Lucena"]
[Date "2012.04.29"]
[Round "6"]
[White "Valhondo Morales, Ruben"]
[Black "Rosillo Navarro, Jesus"]
[Result "0-1"]
[WhiteElo "2117"]
[BlackElo "1872"]
[PlyCount "114"]
[EventDate "2012.04.26"]
[EventType "swiss"]
[EventRounds "9"]
[EventCountry "ESP"]
[SourceTitle "EXT 2013"]
[Source "ChessBase"]
[SourceDate "2012.11.22"]
[SourceVersion "1"]
[SourceVersionDate "2012.11.22"]
[SourceQuality "1"]

1. e4 d5 2. exd5 Nf6 3. Bb5+ Nbd7 4. Nc3 a6 5. Be2 Nb6 6. Nf3 Nbxd5 7. 0-0 b5 8. d4 e6 9. Ne5 Bb7 10. Bg5 Be7 11. Qd3 h6 12. Qh3 Qd6 13. Bf3 c5 14. Bxf6 Bxf6 15. Ne4 Qc7 16. Qg3 cxd4 17. Nxf7 Qxg3 18. hxg3 Kxf7 19. Nd6+ Ke7 20. Nxb7 Rac8 21. Bxd5 exd5 22. Rac1 Rc7 23. Na5 Rhc8 24. c3 dxc3 25. bxc3 Bxc3 26. Nb3 a5 27. Rcd1 a4 28. Nd4 b4 29. g4 Rc4 30. Nf5+ Ke6 31. Ne3 Rd4 32. f4 Rxd1 33. Rxd1 d4 34. Nf5 b3 35. axb3 axb3 36. Rxd4 Bxd4+ 37. Nxd4+ Kd5 38. Nxb3 Ke4 39. g3 Kf3 40. Nd4+ Kxg3 41. Nf5+ Kxg4 42. Nxg7 Kxf4 43. Nh5+ Kg5 44. Ng3 Rc2 45. Kh1 Kg4 46. Nf1 Kh3 47. Kg1 Rg2+ 48. Kh1 Ra2 49. Kg1 h5 50. Kh1 h4 51. Kg1 Kg4 52. Nh2+ Kf4 53. Nf1 h3 54. Nh2 Ke3 55. Nf1+ Ke2 56. Ng3+ Kf3 57. Nf1 Ra1 0-1

[Event "Andalucia-ch"]
[Site "Lucena"]
[Date "2012.04.28"]
[Round "4"]
[White "Valhondo Morales, Ruben"]
[Black "Castilla Salinas, Pedro"]
[Result "0-1"]
[WhiteElo "2117"]
[BlackElo "1846"]
[PlyCount "52"]
[EventDate "2012.04.26"]
[EventType "swiss"]
[EventRounds "9"]
[EventCountry "ESP"]
[SourceTitle "EXT 2013"]
[Source "ChessBase"]
[SourceDate "2012.11.22"]
[SourceVersion "1"]
[SourceVersionDate "2012.11.22"]
[SourceQuality "1"]

1. e4 c6 2. d4 d5 3. Nd2 dxe4 4. Nxe4 Bf5 5. Ng3 Bg6 6. h4 h6 7. Nh3 e6 8. Nf4 Bh7 9. Bc4 Bd6 10. c3 Nf6 11. Qf3 Nbd7 12. 0-0 0-0 13. Nd3 Qc7 14. Re1 Rad8 15. Nh5 Nxh5 16. Qxh5 b5 17. Bxh6 gxh6 18. Ne5 Bxe5 19. dxe5 bxc4 20. Qxh6 Nxe5 21. f4 Ng6 22. Re4 Qb6+ 23. Kh2 Qf2 24. f5 Rd2 25. Rg1 exf5 26. Rxc4 f4 0-1

[Event "ESP-ch U16"]
[Site "Padron"]
[Date "2011.07.23"]
[Round "8"]
[White "Ballester Llagaria, Luis Eduardo"]
[Black "Valhondo Morales, Ruben"]
[Result "1/2-1/2"]
[WhiteElo "2146"]
[BlackElo "1993"]
[PlyCount "65"]
[EventDate "2011.07.19"]
[EventType "swiss"]
[EventRounds "9"]
[EventCountry "ESP"]
[SourceTitle "CBM 143 Extra"]
[Source "ChessBase"]
[SourceDate "2011.08.29"]
[SourceVersion "1"]
[SourceVersionDate "2011.08.29"]
[SourceQuality "1"]

1. e4 c5 2. Nf3 d6 3. d4 cxd4 4. Nxd4 Nf6 5. Nc3 a6 6. h3 e5 7. Nde2 h5 8. Bg5 Be6 9. Bxf6 Qxf6 10. Nd5 Qd8 11. Nec3 Nd7 12. Be2 g6 13. 0-0 Rc8 14. Qd3 Nc5 15. Qf3 Bg7 16. Ne3 Nd7 17. Rad1 Nf6 18. Rd2 0-0 19. Rfd1 Ne8 20. Ncd5 Bh6 21. c3 Kh8 22. Rd3 Ng7 23. Qf6 Qxf6 24. Nxf6 Bxa2 25. Rxd6 Bxe3 26. fxe3 Ne8 27. Nxe8 Rfxe8 28. Rd7 Rb8 29. c4 Bb3 30. Rf1 Rf8 31. Rfxf7 Rxf7 32. Rxf7 b5 33. Rf6 1/2-1/2

[Event "ESP-ch U16"]
[Site "Padron"]
[Date "2011.07.21"]
[Round "5"]
[White "Valhondo Morales, Ruben"]
[Black "Rodriguez Ferraz, Borja"]
[Result "1/2-1/2"]
[WhiteElo "1993"]
[BlackElo "2102"]
[PlyCount "102"]
[EventDate "2011.07.19"]
[EventType "swiss"]
[EventRounds "9"]
[EventCountry "ESP"]
[SourceTitle "CBM 143 Extra"]
[Source "ChessBase"]
[SourceDate "2011.08.29"]
[SourceVersion "1"]
[SourceVersionDate "2011.08.29"]
[SourceQuality "1"]

1. e4 e5 2. Nf3 Nc6 3. Bb5 a6 4. Ba4 Nf6 5. 0-0 Bc5 6. c3 b5 7. Bb3 d6 8. d4 Bb6 9. Be3 Bg4 10. Nbd2 exd4 11. cxd4 Nxd4 12. Bxd4 Bxd4 13. Bxf7+ Kxf7 14. Qb3+ d5 15. Nxd4 c5 16. Nc6 Qd6 17. exd5 Rhe8 18. f4 Kg8 19. h3 Bf5 20. Rae1 Nxd5 21. Ne7+ Rxe7 22. Rxe7 Be6 23. Rxe6 Qxe6 24. Qf3 Re8 25. Nb3 Nf6 26. Kh2 Qd6 27. Rd1 Qc7 28. Kh1 Re4 29. f5 Qe7 30. Qf2 Re2 31. Qxc5 Qxc5 32. Nxc5 Rxb2 33. Nxa6 Rxa2 34. Nc7 b4 35. g4 b3 36. Ne6 Ne8 37. Rb1 b2 38. Kh2 Nd6 39. Nc5 Nc4 40. Nd3 Ra1 41. Nxb2 Rxb1 42. Nxc4 Rb3 43. Kg2 Kf7 44. Ne5+ Ke7 45. Nf3 Kd6 46. Ng5 h6 47. Ne6 g6 48. Nd4 Rb2+ 49. Kg3 Ke5 50. Nf3+ Kf6 51. fxg6 Kxg6 1/2-1/2

[Event "Andalucia-ch U18"]
[Site "Almeria"]
[Date "2011.04.20"]
[Round "8.1"]
[White "Fernandez Garcia, Jose Miguel"]
[Black "Valhondo Morales, Ruben"]
[Result "1-0"]
[WhiteElo "2280"]
[BlackElo "1963"]
[PlyCount "65"]
[EventDate "2011.04.16"]
[EventType "swiss"]
[EventRounds "8"]
[EventCountry "ESP"]
[SourceTitle "EXT 2024"]
[Source "ChessBase"]
[SourceDate "2023.10.10"]
[SourceVersion "1"]
[SourceVersionDate "2023.10.10"]
[SourceQuality "1"]

1. e4 c5 2. Nf3 d6 3. d4 cxd4 4. Nxd4 Nf6 5. f3 a6 6. c4 e6 7. Nc3 Be7 8. Be3 Nbd7 9. Be2 0-0 10. 0-0 Qc7 11. Rc1 b6 12. Qd2 Bb7 13. Rfd1 Rac8 14. b4 Qb8 15. Kh1 Bd8 16. Nb3 Bc7 17. Bf4 e5 18. Bg5 h6 19. Be3 Kh7 20. Bf1 Rg8 21. Nd5 Nxd5 22. cxd5 Qa8 23. Rc2 Bd8 24. Rdc1 Rxc2 25. Qxc2 f5 26. Nd2 f4 27. Bg1 g5 28. a4 h5 29. Nc4 Rg7 30. a5 b5 31. Nb6 Nxb6 32. Bxb6 Bxb6 33. axb6 1-0